00592nam a2200145Ia 4500001000700000008004100007100007200048245017400120260002700294300001000321440004200331500000500373503000500378650006300383Z_3286220601s9999 xx 000 0 und d aFideicomisos Instituidos en Relación con la Agricultura. México aLas sociedades cooperativas : una opción organizativa en el medio rural Título Las sociedades cooperativas : una opción organizativa en el medio rural / por FIRA aMéxico, D. F. : FIRA a59 p. aFIRA. Boletín informativo XIX (181) a a a1. Sociedades cooperativas - Colima 2. Desarrollo ruralÌ